000 00624nam a2200217Ia 4500
005 20250923145356.0
008 008 250917s9999 xx 000 0 eng d
037 _aTextual
040 _aDSWL
_beng
_cDSWL
041 _aeng
_2eng
084 _aW.2'N6:g, N67
_qDSWL
100 _aDwivedy, S.
_9834638
245 0 _aPolitical corruption in India
_c by S. Bhargava Dwivedy
260 _aNew Delhi
_b Popular Book Service
_c1967
300 _ax,180 p.
365 _aINR
_b12 . 0
700 _a G.S. Bhargava
_9834639
925 _g12 . 0
942 _cTEXL
_hW.2'N6:g, N67
999 _c1450614
_d1450614